000
00242nam a2200097Ia 4500
001
764399
005
20250826165302.0
008
250824s9999 xx 000 0 und d
245
0
_a
PARSIN GÖZÜ
_c
ALİ SAÇIKARA
260
_b
ATLIKARINCA YAYINLARI
999
_c
764399
_d
764399